[Event "Sicotte II"]
[Site "Montreal CAN"]
[Date "2005.12.21"]
[Round "9"]
[White "Bolduc, Steve"]
[Black "Ayotte, Jocelyn"]
[Result "1-0"]
[WhiteElo "2307"]
[BlackElo "2057"]
[PlyCount "45"]
[GameId "2160767910834289"]
[EventDate "2005.10.27"]
[EventType "tourn"]
[EventRounds "5"]
[EventCountry "CAN"]

1. d4 d5 2. c4 dxc4 3. Nf3 Nf6 4. e3 c5 5. Bxc4 cxd4 6. exd4 e6 7. O-O Be7 8. Qe2 O-O 9. b3 Nbd7 10. Bb2 Nb6 11. Ne5 Nbd5 12. Nd2 a6 13. a4 Bd7 14. Ne4 Rc8 15. Nc5 Bxc5 16. dxc5 a5 17. Rfd1 Bc6 18. Nxc6 bxc6 19. Be5 Qd7 20. Rd3 Qa7 21. Rg3 Kh8 22. Bxd5 cxd5 23. Rxg7 1-0

[Event "Sicotte II"]
[Site "Montreal CAN"]
[Date "2005.12.21"]
[Round "9"]
[White "Malveau, Cedric"]
[Black "Libersan, Thierry"]
[Result "1-0"]
[WhiteElo "2115"]
[BlackElo "1918"]
[PlyCount "81"]
[GameId "2160767910834292"]
[EventDate "2005.10.27"]
[EventType "tourn"]
[EventRounds "5"]
[EventCountry "CAN"]
[SourceTitle "EXT 2007"]
[Source "ChessBase"]
[SourceDate "2006.11.23"]
[SourceVersion "1"]
[SourceVersionDate "2006.11.23"]
[SourceQuality "1"]

1. d4 Nf6 2. c4 g6 3. Nc3 Bg7 4. e4 d6 5. Nf3 O-O 6. Be2 e5 7. dxe5 dxe5 8. Qxd8 Rxd8 9. Bg5 Re8 10. O-O-O c6 11. Nxe5 Nxe4 12. Nxe4 Bxe5 13. Rhe1 Bf5 14. Nd6 Bxd6 15. Rxd6 Na6 16. Bd2 Nc5 17. Be3 Ne4 18. Rdd1 h5 19. h3 h4 20. Bg4 Bxg4 21. hxg4 b5 22. f3 Nf6 23. Bg5 Nh7 24. Bxh4 bxc4 25. Rxe8+ Rxe8 26. Rd8 Rxd8 27. Bxd8 Nf8 28. Kd2 Ne6 29. Bh4 Nf4 30. Kc3 Nxg2 31. Bf2 a6 32. Kxc4 Nf4 33. Bg3 Ne6 34. Kb4 Kf8 35. Ka5 Ke8 36. Kxa6 Kd7 37. Kb6 Nd4 38. a4 Nxf3 39. a5 Nd4 40. a6 Nb5 41. g5 1-0

[Event "Sicotte II"]
[Site "Montreal CAN"]
[Date "2005.12.21"]
[Round "9"]
[White "Marcone, Malcom"]
[Black "Sicotte, Marc"]
[Result "0-1"]
[WhiteElo "2015"]
[BlackElo "2030"]
[PlyCount "64"]
[GameId "2160767910834293"]
[EventDate "2005.10.27"]
[EventType "tourn"]
[EventRounds "5"]
[EventCountry "CAN"]

1. e4 e6 2. d4 d5 3. Nd2 Nf6 4. e5 Nfd7 5. c3 c5 6. Bd3 Nc6 7. Ne2 Qb6 8. Nf3 f6 9. exf6 Nxf6 10. O-O Bd6 11. Re1 O-O 12. Ng3 Bd7 13. b3 cxd4 14. cxd4 Rac8 15. Bb2 Nb4 16. Bb1 Qc7 17. Ne5 Nc2 18. Nxd7 Nxd7 19. Qd3 Bxg3 20. hxg3 Nxe1 21. Qxh7+ Kf7 22. Bg6+ Kf6 23. Rxe1 Rh8 24. Rxe6+ Kxe6 25. Bf5+ Kd6 26. Qg6+ Nf6 27. Ba3+ Kc6 28. Bxc8 Rxc8 29. Qc2+ Kb6 30. Bc5+ Ka6 31. Qd3+ b5 32. a4 Qa5 0-1

[Event "Skeel mem."]
[Site "Edmonton CAN"]
[Date "2005.05.19"]
[Round "3"]
[White "Laboucane, Randy"]
[Black "Rekhson, Vladislav"]
[Result "0-1"]
[WhiteElo "1470"]
[BlackElo "2136"]
[PlyCount "59"]
[GameId "2160767910968554"]
[EventDate "2005.05.05"]
[EventType "swiss"]
[EventRounds "4"]
[EventCountry "CAN"]
[WhiteTeam "Canada"]
[BlackTeam "Canada"]
[WhiteTeamCountry "CAN"]
[BlackTeamCountry "CAN"]

1. d4 Nf6 2. c4 c5 3. dxc5 Na6 4. Nc3 Nxc5 5. b4 Na6 6. a3 g6 7. Bb2 Bg7 8. Qc2 O-O 9. e4 d6 10. Rd1 Qb6 11. Bd3 Be6 12. Nd5 Nxd5 13. Bxg7 Kxg7 14. cxd5 Bd7 15. Ne2 Kg8 16. O-O Rac8 17. Qd2 Nc7 18. Qh6 Ne8 19. h4 Nf6 20. Ng3 Ng4 21. Qg5 f6 22. Qf4 Rc3 23. h5 g5 24. Qf3 Ne5 25. Qe2 Bg4 26. Qd2 Rxd3 27. Qxd3 Nxd3 28. Rxd3 Rc8 29. Nf5 Bxf5 30. exf5 0-1

[Event "Spring Thaw"]
[Site "Ottawa CAN"]
[Date "2005.02.24"]
[Round "1"]
[White "Beckwith, Paul"]
[Black "Pacey, Kevin"]
[Result "1/2-1/2"]
[WhiteElo "2235"]
[BlackElo "2233"]
[PlyCount "59"]
[GameId "2160767910965541"]
[EventDate "2005.03.03"]
[EventType "tourn"]
[EventRounds "6"]
[EventCountry "CAN"]

1. e4 Nc6 2. Nf3 d6 3. d4 Nf6 4. Bd3 Nb4 5. O-O Nxd3 6. cxd3 g6 7. Nc3 Bg7 8. h3 c5 9. Be3 cxd4 10. Bxd4 O-O 11. Re1 e5 12. Be3 d5 13. Bg5 d4 14. Nd5 Be6 15. Qa4 Bxd5 16. exd5 Qd7 17. Qxd7 Nxd7 18. Be7 Rfc8 19. Rac1 Bh6 20. Bg5 Bxg5 21. Nxg5 Nc5 22. Rcd1 f6 23. b4 Na4 24. Ne4 Nc3 25. Nxc3 Rxc3 26. f4 Re8 27. fxe5 fxe5 28. Kf2 Rc7 29. Rc1 Rf7+ 30. Kg3 1/2-1/2

[Event "Spring Thaw"]
[Site "Ottawa CAN"]
[Date "2005.03.03"]
[Round "2"]
[White "Patterson, Roger"]
[Black "Pacey, Kevin"]
[Result "0-1"]
[WhiteElo "2201"]
[BlackElo "2233"]
[PlyCount "78"]
[GameId "2160767910965542"]
[EventDate "2005.03.03"]
[EventType "tourn"]
[EventRounds "6"]
[EventCountry "CAN"]

1. e4 e6 2. d4 d5 3. Nc3 Bb4 4. e5 Ne7 5. a3 Bxc3+ 6. bxc3 b6 7. Nf3 Qd7 8. a4 Ba6 9. Bxa6 Nxa6 10. Qd3 Nb8 11. c4 dxc4 12. Qxc4 Nbc6 13. O-O Na5 14. Qd3 Qd5 15. Ba3 Nec6 16. c3 Nc4 17. Qc2 h6 18. Rfd1 O-O-O 19. Rdb1 a6 20. Qe2 Kb7 21. Ne1 f6 22. exf6 gxf6 23. Nc2 Nxa3 24. Rxa3 Rhg8 25. Ne3 Qe4 26. Rb2 Na5 27. Ra1 f5 28. f3 Qc6 29. Rc2 h5 30. f4 h4 31. Kf2 Qd6 32. Qf3+ Ka7 33. Rd2 Nb3 34. Rdd1 Nxa1 35. Rxa1 c5 36. a5 bxa5 37. Rxa5 cxd4 38. Nc4 Qc7 39. Ne5 Rd6 0-1

[Event "Spring Thaw"]
[Site "Ottawa CAN"]
[Date "2005.03.10"]
[Round "3"]
[White "Pacey, Kevin"]
[Black "Davies, Alex"]
[Result "1-0"]
[WhiteElo "2210"]
[BlackElo "2240"]
[PlyCount "73"]
[GameId "2160767910965543"]
[EventDate "2005.03.03"]
[EventType "tourn"]
[EventRounds "6"]
[EventCountry "CAN"]

1. b3 e5 2. Bb2 d6 3. g3 Nc6 4. Bg2 g6 5. c4 Bg7 6. Nc3 f5 7. d3 Nf6 8. Qd2 O-O 9. e3 f4 10. exf4 exf4 11. Nge2 f3 12. Bxf3 Ne5 13. Bg2 Bf5 14. Ne4 Nxe4 15. dxe4 Bg4 16. O-O Nf3+ 17. Bxf3 Rxf3 18. Qd5+ Kh8 19. Bxg7+ Kxg7 20. Nf4 Qf6 21. Qxb7 Rxf4 22. Qxa8 Bf3 23. Rae1 Rh4 24. Re3 Rh6 25. e5 Bxa8 26. exf6+ Kxf6 27. Rfe1 Rh5 28. Re6+ Kf5 29. Re7 a5 30. Rxc7 Kg4 31. Ra7 Bf3 32. Ra6 Rc5 33. Rxd6 g5 34. Rh6 Rc7 35. h3+ Kf5 36. g4+ Bxg4 37. hxg4+ 1-0

[Event "Spring Thaw"]
[Site "Ottawa CAN"]
[Date "2005.03.17"]
[Round "4"]
[White "Pacey, Kevin"]
[Black "Beckwith, Paul"]
[Result "1-0"]
[WhiteElo "2233"]
[BlackElo "2235"]
[PlyCount "63"]
[GameId "2160767910965544"]
[EventDate "2005.03.03"]
[EventType "tourn"]
[EventRounds "6"]
[EventCountry "CAN"]

1. d4 Nf6 2. c4 e6 3. g3 d5 4. Nf3 c5 5. cxd5 Nxd5 6. Nc3 cxd4 7. Nxd5 Qxd5 8. Qxd4 Qxd4 9. Nxd4 Bb4+ 10. Bd2 Bxd2+ 11. Kxd2 O-O 12. Bg2 e5 13. Nb3 a5 14. Rhc1 Ra6 15. Rc7 Rd6+ 16. Ke1 Na6 17. Re7 Nb4 18. Be4 f5 19. a3 Nd5 20. Bxd5+ Rxd5 21. Rc1 Rfd8 22. f4 exf4 23. gxf4 b6 24. Rcc7 Bd7 25. e3 Kf8 26. Re5 Rxe5 27. fxe5 Ba4 28. Nd4 Re8 29. e6 h6 30. b3 Bxb3 31. Nxb3 Rxe6 32. Kf2 1-0

[Event "Spring Thaw"]
[Site "Ottawa CAN"]
[Date "2005.03.24"]
[Round "5"]
[White "Pacey, Kevin"]
[Black "Patterson, Roger"]
[Result "1/2-1/2"]
[WhiteElo "2233"]
[BlackElo "2201"]
[PlyCount "53"]
[GameId "2160767910965545"]
[EventDate "2005.03.03"]
[EventType "tourn"]
[EventRounds "6"]
[EventCountry "CAN"]

1. e4 e5 2. Nf3 Nc6 3. Bc4 Bc5 4. b4 Bb6 5. a4 a6 6. Nc3 Nf6 7. Nd5 Nxd5 8. exd5 Nd4 9. Bb2 Nxf3+ 10. Qxf3 d6 11. Qg3 Qf6 12. a5 Ba7 13. f4 Qxf4 14. Qxf4 exf4 15. O-O-O f6 16. Rhf1 f3 17. Rxf3 Bg4 18. Re1+ Kf7 19. Rff1 Bd7 20. h3 Rae8 21. Bd3 h6 22. Re2 Rxe2 23. Bxe2 Kg6 24. Bd3+ Kf7 25. Be2 Kg6 26. Bd3+ Kf7 27. Be2 1/2-1/2

[Event "Spring Thaw"]
[Site "Ottawa CAN"]
[Date "2005.03.31"]
[Round "6"]
[White "Davies, Alex"]
[Black "Pacey, Kevin"]
[Result "0-1"]
[WhiteElo "2240"]
[BlackElo "2233"]
[PlyCount "112"]
[GameId "2160767910965546"]
[EventDate "2005.03.03"]
[EventType "tourn"]
[EventRounds "6"]
[EventCountry "CAN"]

1. e4 c5 2. Nc3 e6 3. g3 d5 4. exd5 exd5 5. Bg2 Nf6 6. d3 d4 7. Ne4 Nxe4 8. dxe4 Nc6 9. Ne2 g6 10. O-O Bg7 11. Bf4 O-O 12. Qd2 Ne5 13. Bxe5 Bxe5 14. f4 Bg7 15. Rab1 c4 16. h3 d3 17. cxd3 Qxd3 18. Rfd1 Rd8 19. Qxd3 Rxd3 20. Rxd3 cxd3 21. Nc3 Bd4+ 22. Kf1 Bd7 23. Ke1 Bc6 24. Rd1 Rd8 25. Rxd3 Bf2+ 26. Ke2 Rxd3 27. Kxd3 Bxg3 28. Nd5 Bxd5 29. exd5 Bxf4 30. d6 Bxd6 31. Bxb7 f5 32. Ke3 Kg7 33. Kf3 g5 34. Bc8 Kf6 35. Bd7 h5 36. Be8 g4+ 37. hxg4 hxg4+ 38. Kf2 f4 39. Bd7 Kg5 40. Bc6 Bc5+ 41. Kg2 f3+ 42. Bxf3 gxf3+ 43. Kxf3 Kf5 44. Ke2 Ke4 45. Kd2 Kd4 46. Kc2 Kc4 47. a3 Bf8 48. b3+ Kd4 49. Kb2 Kd3 50. b4 Kc4 51. Ka2 Bg7 52. b5 Bd4 53. Kb1 Kxb5 54. Kc2 Ka4 55. Kd3 Bb6 56. Kc3 Kxa3 0-1

[Event "St Jean op-B"]
[Site "St Jean sur Richelieu CAN"]
[Date "2005.06.24"]
[Round "1"]
[White "Blais, Georges"]
[Black "Bourassa, Samuel"]
[Result "1-0"]
[WhiteElo "1502"]
[BlackElo "1706"]
[PlyCount "75"]
[GameId "2160767910968096"]
[EventDate "2005.06.??"]
[EventType "swiss"]
[EventRounds "5"]
[EventCountry "CAN"]
[SourceTitle "EXT 2007"]
[Source "ChessBase"]
[SourceDate "2006.11.23"]
[SourceVersion "1"]
[SourceVersionDate "2006.11.23"]
[SourceQuality "1"]

1. Nf3 Nf6 2. c4 g6 3. Nc3 Bg7 4. g3 O-O 5. Bg2 d6 6. O-O e5 7. d3 Nc6 8. Rb1 Nh5 9. b4 f5 10. Qc2 h6 11. b5 Ne7 12. a4 c6 13. Bb2 g5 14. e3 f4 15. Qe2 g4 16. Nh4 Nf5 17. Qxg4 Nfxg3 18. Qg6 Nxf1 19. Qxh5 Nd2 20. Rd1 f3 21. Nxf3 Nxf3+ 22. Bxf3 Qf6 23. Kg2 Bd7 24. Ne4 Qe7 25. Ba3 c5 26. Ng3 Be6 27. a5 a6 28. b6 Rf7 29. Be4 Raf8 30. Rf1 Qd7 31. Bc1 Bh3+ 32. Qxh3 Rxf2+ 33. Rxf2 Rxf2+ 34. Kxf2 Qxh3 35. Bxb7 Qxh2+ 36. Bg2 Qh4 37. Bb7 Bf6 38. Bd5+ 1-0

[Event "St Jean op-B"]
[Site "St Jean sur Richelieu CAN"]
[Date "2005.06.24"]
[Round "2"]
[White "Gago, Nelson"]
[Black "Page, Denis"]
[Result "1-0"]
[WhiteElo "1849"]
[BlackElo "1700"]
[PlyCount "81"]
[GameId "2160767910968097"]
[EventDate "2005.06.??"]
[EventType "swiss"]
[EventRounds "5"]
[EventCountry "CAN"]
[SourceTitle "EXT 2007"]
[Source "ChessBase"]
[SourceDate "2006.11.23"]
[SourceVersion "1"]
[SourceVersionDate "2006.11.23"]
[SourceQuality "1"]

1. e4 c5 2. Nf3 e6 3. d4 cxd4 4. Nxd4 Nf6 5. Bd3 Nc6 6. Nxc6 bxc6 7. O-O d5 8. e5 Nd7 9. f4 Nc5 10. Qf3 Nxd3 11. cxd3 Qb6+ 12. Kh1 Bc5 13. Nc3 Qd8 14. b3 O-O 15. Qg3 f5 16. Bb2 Ba6 17. Rac1 Qa5 18. Na4 Be7 19. Rxc6 Qb5 20. Rxe6 Rae8 21. Rxe7 Rxe7 22. Ba3 Qxd3 23. Qxd3 Bxd3 24. Rc1 Rfe8 25. Bxe7 Rxe7 26. Rc5 Be4 27. Kg1 g5 28. fxg5 Rxe5 29. Nc3 Kf7 30. Ra5 Kg6 31. h4 Kh5 32. g3 h6 33. gxh6 Kxh6 34. Ne2 Kh5 35. Kf2 Kg4 36. Nf4 Re7 37. Ra6 Rg7 38. h5 d4 39. h6 Rg5 40. h7 d3 41. h8=Q 1-0

[Event "St Jean op-B"]
[Site "St Jean sur Richelieu CAN"]
[Date "2005.06.25"]
[Round "2"]
[White "Filiatrault, Alexandre"]
[Black "Blais, Georges"]
[Result "0-1"]
[WhiteElo "1749"]
[BlackElo "1502"]
[PlyCount "82"]
[GameId "2160767910968098"]
[EventDate "2005.06.??"]
[EventType "swiss"]
[EventRounds "5"]
[EventCountry "CAN"]
[SourceTitle "EXT 2007"]
[Source "ChessBase"]
[SourceDate "2006.11.23"]
[SourceVersion "1"]
[SourceVersionDate "2006.11.23"]
[SourceQuality "1"]

1. e4 d5 2. exd5 Nf6 3. d4 Nxd5 4. c4 Nb6 5. Nc3 g6 6. Be3 Bg7 7. Qd2 Nc6 8. d5 Ne5 9. b3 e6 10. Bd4 O-O 11. f4 Ng4 12. Bxg7 Kxg7 13. Nf3 exd5 14. c5 Re8+ 15. Be2 Nd7 16. O-O c6 17. f5 Ne3 18. Rf2 Nxf5 19. Ng5 f6 20. g4 Ne3 21. Rf3 Nxg4 22. Nxh7 Kxh7 23. Rh3+ Kg7 24. Bxg4 Rh8 25. Rxh8 Qxh8 26. Bxd7 Bxd7 27. Ne4 Qh3 28. Nd6 b6 29. b4 Qg4+ 30. Kh1 Bf5 31. Re1 Be4+ 32. Nxe4 dxe4 33. Qd6 Qf3+ 34. Kg1 Qg4+ 35. Kh1 Re8 36. Qxc6 Qe6 37. Qa4 Re7 38. c6 Qc4 39. Rd1 b5 40. Qa6 e3 41. Rd7 Qf1# 0-1

[Event "St Jean op-B"]
[Site "St Jean sur Richelieu CAN"]
[Date "2005.06.26"]
[Round "5"]
[White "Gago, Nelson"]
[Black "Filiatrault, Alexandre"]
[Result "0-1"]
[WhiteElo "1747"]
[BlackElo "1714"]
[PlyCount "82"]
[GameId "2160767910968099"]
[EventDate "2005.06.??"]
[EventType "swiss"]
[EventRounds "5"]
[EventCountry "CAN"]
[SourceTitle "EXT 2007"]
[Source "ChessBase"]
[SourceDate "2006.11.23"]
[SourceVersion "1"]
[SourceVersionDate "2006.11.23"]
[SourceQuality "1"]

1. e4 c5 2. Nf3 Nc6 3. d4 cxd4 4. Nxd4 e5 5. Nf3 Nf6 6. Bc4 Bc5 7. O-O O-O 8. Nc3 d6 9. h3 Be6 10. Bd3 Rc8 11. a3 Qd7 12. Ng5 h6 13. Nxe6 fxe6 14. Na4 Ne7 15. Nxc5 Rxc5 16. Be3 Rcc8 17. Bxa7 d5 18. c3 dxe4 19. Be2 Ned5 20. Be3 Qf7 21. Qc2 Nf4 22. Kh2 Qg6 23. g3 Qf5 24. gxf4 exf4 25. Bd4 f3 26. Rg1 fxe2 27. Qxe2 Kh7 28. Rg2 e5 29. Be3 g5 30. Rd1 Rcd8 31. c4 Qf3 32. Rd2 Rxd2 33. Qxd2 Rf7 34. Qd6 g4 35. Rg3 Qf5 36. h4 Rd7 37. Qf8 Qg6 38. Qb8 Qh5 39. Kg2 Qxh4 40. Kf1 Qh1+ 41. Rg1 Rd1+ 0-1

[Event "St-Hyacinthe op"]
[Site "St-Hyacinthe CAN"]
[Date "2005.11.19"]
[Round "2"]
[White "Bolduc, Steve"]
[Black "Morissette, Jean"]
[Result "1-0"]
[WhiteElo "2269"]
[BlackElo "1963"]
[PlyCount "109"]
[GameId "2160767910838248"]
[EventDate "2005.11.18"]
[EventType "swiss"]
[EventRounds "5"]
[EventCountry "CAN"]
[SourceTitle "hb 2011"]

1. d4 d5 2. c4 e6 3. Nc3 Be7 4. Nf3 Nf6 5. Bg5 h6 6. Bh4 O-O 7. e3 b6 8. Be2 dxc4 9. Bxc4 Bb7 10. O-O Nbd7 11. Qe2 a6 12. Rfd1 Ne4 13. Bg3 Nxg3 14. hxg3 b5 15. Bb3 c5 16. dxc5 Qc7 17. c6 Qxc6 18. Rac1 Nc5 19. Bc2 b4 20. Na4 Nxa4 21. Bh7+ Kxh7 22. Rxc6 Bxc6 23. Qc2+ Kg8 24. Qxc6 Nxb2 25. Rb1 Bf6 26. Nd4 Rfc8 27. Qf3 e5 28. Nf5 a5 29. Nxh6+ Kf8 30. Rxb2 e4 31. Qf5 Rc1+ 32. Kh2 Ra6 33. Rd2 gxh6 34. Rd7 Re6 35. Qh7 Bg7 36. Rd8+ Ke7 37. Rd5 Be5 38. Qg8 Bd6 39. Rf5 Rf6 40. Rxf6 Kxf6 41. Qh8+ Ke7 42. Qd4 f5 43. Qg7+ Ke6 44. Qxh6+ Kd5 45. Qf6 Rc2 46. Qxf5+ Be5 47. Kh3 Rc6 48. f4 exf3 49. gxf3 Kd6 50. f4 Bc3 51. Qg5 Rc5 52. Qd8+ Kc6 53. e4 Kb5 54. e5 Kc4 55. e6 1-0

[Event "St-Hyacinthe op"]
[Site "St-Hyacinthe CAN"]
[Date "2005.11.19"]
[Round "3"]
[White "Chabot, Roland"]
[Black "Bolduc, Steve"]
[Result "1/2-1/2"]
[WhiteElo "2262"]
[BlackElo "2269"]
[PlyCount "55"]
[GameId "2160767910838249"]
[EventDate "2005.11.18"]
[EventType "swiss"]
[EventRounds "5"]
[EventCountry "CAN"]
[SourceTitle "hb 2011"]

1. d4 Nf6 2. c4 e6 3. Nc3 c5 4. d5 exd5 5. cxd5 d6 6. e4 g6 7. h3 Bg7 8. Nf3 O-O 9. Bd3 b5 10. Bxb5 Nxe4 11. Nxe4 Qa5+ 12. Nfd2 Qxb5 13. Nxd6 Qa6 14. N2c4 Nd7 15. O-O Nb6 16. Nxb6 Qxb6 17. Nxc8 Raxc8 18. Re1 Rfd8 19. Bg5 f6 20. Bf4 Qxb2 21. d6 Qb7 22. Rb1 Qc6 23. Re7 Bf8 24. Rc7 Rxc7 25. dxc7 Rxd1+ 26. Rxd1 Qa4 27. Rd8 Qxf4 28. c8=Q 1/2-1/2

[Event "St-Hyacinthe op"]
[Site "St-Hyacinthe CAN"]
[Date "2005.11.20"]
[Round "4"]
[White "Blais, Georges"]
[Black "Xavier-Bonifay, Jean-Luc"]
[Result "1-0"]
[WhiteElo "1528"]
[BlackElo "1624"]
[PlyCount "49"]
[GameId "2160767739837764"]
[EventDate "2005.11.18"]
[EventType "swiss"]
[EventRounds "5"]
[EventCountry "CAN"]
[TimeControl "40/2:0"]

1. Nf3 d5 2. e4 dxe4 3. Ng5 Nf6 4. Nc3 Bf5 5. Bc4 e6 6. f3 exf3 7. Qxf3 c6 8. Nxf7 Kxf7 9. Qxf5 Qe8 10. Ne4 h6 11. O-O Nbd7 12. Nxf6 Nxf6 13. Re1 g6 14. Qf2 Be7 15. d3 Kg7 16. Rxe6 Rf8 17. Bxh6+ Kxh6 18. Qe3+ g5 19. Rxe7 Qh5 20. Rf1 Kg6 21. Re6 Kg7 22. Re7+ Kg6 23. Qe6 Qh4 24. Rf7 Qd4+ 25. Kh1 1-0

[Event "St-Hyacinthe op"]
[Site "St-Hyacinthe CAN"]
[Date "2005.11.20"]
[Round "4"]
[White "Bolduc, Steve"]
[Black "Gladu, Pierre"]
[Result "1-0"]
[WhiteElo "2269"]
[BlackElo "2144"]
[PlyCount "72"]
[GameId "2160767910838250"]
[EventDate "2005.11.18"]
[EventType "swiss"]
[EventRounds "5"]
[EventCountry "CAN"]
[SourceTitle "hb 2011"]

1. d4 Nf6 2. c4 g6 3. Nc3 Bg7 4. e4 d6 5. Nf3 O-O 6. Be2 e5 7. O-O Nc6 8. d5 Ne7 9. Nd2 Nd7 10. b4 f5 11. a4 Nf6 12. a5 g5 13. Bd3 f4 14. c5 g4 15. Ra3 Ng6 16. Nc4 g3 17. fxg3 Ng4 18. h3 fxg3 19. Rxf8+ Bxf8 20. cxd6 Qh4 21. Qf3 Nh2 22. Qe3 Nf4 23. Ne2 Bh6 24. Qxg3+ Qxg3 25. Nxg3 Nf3+ 26. Kf2 Nh4 27. Bxf4 exf4 28. Nh5 cxd6 29. Nxd6 Bf8 30. e5 Ng6 31. Bxg6 hxg6 32. Nxf4 Bxd6 33. exd6 Bf5 34. g4 Bb1 35. Ra1 Be4 36. Re1 Bc2 1-0

[Event "Strategy Games 2005.09.03"]
[Site "Ottawa CAN"]
[Date "2005.09.03"]
[Round "1"]
[White "Pacey, Kevin"]
[Black "Gordon, David"]
[Result "1-0"]
[WhiteElo "2157"]
[BlackElo "1998"]
[PlyCount "90"]
[GameId "2160767910900529"]
[EventDate "2005.09.03"]
[EventType "swiss (rapid)"]
[EventRounds "5"]
[EventCountry "CAN"]

1. d4 Nf6 2. Nf3 g6 3. g3 b6 4. Bg2 Bb7 5. c4 Bg7 6. O-O O-O 7. Nc3 Ne4 8. Bd2 Nxd2 9. Qxd2 f5 10. Ne1 Bxg2 11. Nxg2 Qc8 12. Nf4 a5 13. h4 Qa6 14. Nb5 Qb7 15. h5 Kf7 16. d5 Na6 17. Rab1 Nc5 18. f3 Rad8 19. Rbe1 e5 20. Nd3 Nxd3 21. Qxd3 d6 22. e4 f4 23. hxg6+ hxg6 24. Kg2 Bh6 25. Rh1 Rh8 26. Rh3 Bg5 27. Reh1 Kg7 28. Rxh8 Rxh8 29. Rxh8 Kxh8 30. Qf1 Qc8 31. Qh1+ Kg7 32. Qh3 Qxh3+ 33. Kxh3 Bd8 34. gxf4 exf4 35. Kg4 g5 36. Kf5 Kh6 37. Nd4 Kh5 38. Nc6 Kh4 39. Nxd8 g4 40. Kxf4 g3 41. Ke3 g2 42. Kf2 Kh3 43. Kg1 Kg3 44. Ne6 Kxf3 45. Nxc7 Kxe4 1-0

[Event "Strategy Games 2005.09.03"]
[Site "Ottawa CAN"]
[Date "2005.09.03"]
[Round "2"]
[White "Pacey, Kevin"]
[Black "Gelblum, Robert"]
[Result "1-0"]
[WhiteElo "2157"]
[BlackElo "2036"]
[PlyCount "110"]
[GameId "2160767910900530"]
[EventDate "2005.09.03"]
[EventType "swiss (rapid)"]
[EventRounds "5"]
[EventCountry "CAN"]

1. Nf3 Nf6 2. c4 c5 3. g3 d5 4. cxd5 Nxd5 5. Bg2 Nc7 6. Nc3 Nc6 7. Qa4 Bd7 8. Qe4 g6 9. Ne5 Bg7 10. Nxd7 Qxd7 11. Qa4 O-O 12. O-O Ne6 13. Bxc6 bxc6 14. Qc4 Rab8 15. a3 Nd4 16. Rb1 Qf5 17. d3 Rfd8 18. b4 cxb4 19. Rxb4 Rxb4 20. axb4 Qe5 21. Be3 Nf3+ 22. exf3 Qxc3 23. Rc1 Qxd3 24. Qxc6 a6 25. Kg2 Bd4 26. Bxd4 Qxd4 27. Qb7 Rd7 28. Qxa6 Kg7 29. Qa1 e5 30. b5 Rb7 31. Qa6 Qb6 32. Qxb6 Rxb6 33. Rb1 Kf6 34. Kf1 Ke6 35. Ke2 Kd5 36. Ke3 f5 37. f4 e4 38. f3 exf3 39. Kxf3 h6 40. Ke3 g5 41. fxg5 hxg5 42. h4 f4+ 43. Kf3 fxg3 44. hxg5 Ke5 45. Kxg3 Kf5 46. Kh4 Kg6 47. Kg4 Kg7 48. Kf5 Kf7 49. Ke5 Ke7 50. Kd5 Kd7 51. Kc5 Rg6 52. Rd1+ Kc7 53. Rg1 Kb7 54. Kd5 Kc7 55. Ke5 Kd7 1-0

[Event "Strategy Games 2005.09.03"]
[Site "Ottawa CAN"]
[Date "2005.09.03"]
[Round "3"]
[White "Saleh, Maher"]
[Black "Pacey, Kevin"]
[Result "1/2-1/2"]
[WhiteElo "2073"]
[BlackElo "2157"]
[PlyCount "90"]
[GameId "2160767910900531"]
[EventDate "2005.09.03"]
[EventType "swiss (rapid)"]
[EventRounds "5"]
[EventCountry "CAN"]

1. Nf3 d5 2. g3 c5 3. Bg2 Nc6 4. d4 e6 5. O-O Nf6 6. c4 Be7 7. cxd5 exd5 8. Nc3 O-O 9. Bg5 cxd4 10. Nxd4 h6 11. Bf4 Bg4 12. h3 Be6 13. Nxe6 fxe6 14. e4 d4 15. e5 dxc3 16. exf6 Bxf6 17. bxc3 Bxc3 18. Rb1 Qxd1 19. Rfxd1 Rad8 20. Rxd8 Nxd8 21. Bxb7 Nxb7 22. Rxb7 Bd4 23. Kg2 e5 24. Be3 Bxe3 25. fxe3 Rf7 26. Rb8+ Kh7 27. Rb5 e4 28. Rb4 Rc7 29. Ra4 Rc2+ 30. Kf1 Rh2 31. h4 Rh1+ 32. Kg2 Rb1 33. Rxa7 Rb2+ 34. Kh3 Re2 35. Ra3 Kg6 36. Kg4 Rf2 37. Ra6+ Kf7 38. Ra4 Kg6 39. Ra6+ Kf7 40. a3 Rf3 41. Ra7+ Kf6 42. Ra6+ Ke5 43. Ra5+ Kf6 44. Ra6+ Ke5 45. Ra5+ Kf6 1/2-1/2

[Event "Strategy Games 2005.09.03"]
[Site "Ottawa CAN"]
[Date "2005.09.03"]
[Round "4"]
[White "Pacey, Kevin"]
[Black "Marinkovic, Mate"]
[Result "1-0"]
[WhiteElo "2157"]
[BlackElo "1363"]
[PlyCount "29"]
[GameId "2160767910900532"]
[EventDate "2005.09.03"]
[EventType "swiss (rapid)"]
[EventRounds "5"]
[EventCountry "CAN"]

1. e4 e5 2. Nf3 Nf6 3. d4 exd4 4. e5 Ng4 5. Qxd4 Nh6 6. Bxh6 Nc6 7. Qe4 gxh6 8. Bc4 Bg7 9. O-O Qe7 10. Nc3 Nxe5 11. Nd5 Nxf3+ 12. Qxf3 Qd8 13. Rfe1+ Kf8 14. Nxc7 Qf6 15. Re8# 1-0

[Event "Strategy Games 2005.09.03"]
[Site "Ottawa CAN"]
[Date "2005.09.03"]
[Round "5"]
[White "Mann, David"]
[Black "Pacey, Kevin"]
[Result "0-1"]
[WhiteElo "1580"]
[BlackElo "2157"]
[PlyCount "93"]
[GameId "2160767910900533"]
[EventDate "2005.09.03"]
[EventType "swiss (rapid)"]
[EventRounds "5"]
[EventCountry "CAN"]

1. e4 Nc6 2. d4 e5 3. d5 Nce7 4. Nc3 Ng6 5. Be3 Bb4 6. Qd2 Nf6 7. f3 d6 8. Bb5+ Bd7 9. Bxd7+ Nxd7 10. a3 Bc5 11. Nge2 h6 12. O-O-O Bxe3 13. Qxe3 Qg5 14. Qxg5 hxg5 15. Nb5 Kd8 16. g3 a6 17. Nbc3 Ke7 18. Rdf1 Rh3 19. Ng1 Rh7 20. Nd1 Rah8 21. h3 Kd8 22. Ne3 Ne7 23. Rh2 c6 24. Rd2 Kc7 25. dxc6 bxc6 26. Rfd1 Rh6 27. Ng4 Re6 28. Ne3 Nb6 29. Rd3 g6 30. c4 Nd7 31. b4 c5 32. Kc2 Nc6 33. Kc3 Nd4 34. Nd5+ Kb7 35. Rb1 Ka7 36. b5 Rb8 37. Nc7 Re7 38. Nxa6 Rb7 39. a4 Re8 40. a5 Rf8 41. Rd2 f5 42. exf5 gxf5 43. Re1 d5 44. Rb1 Rf7 45. cxd5 Nxb5+ 46. Kc4 Nd6+ 47. Kc3 0-1

[Event "Strategy Games 2005.09.10"]
[Site "Ottawa CAN"]
[Date "2005.09.10"]
[Round "1"]
[White "Szalay, Karoly"]
[Black "Pacey, Kevin"]
[Result "0-1"]
[WhiteElo "1686"]
[BlackElo "2176"]
[PlyCount "100"]
[GameId "2160767910900240"]
[EventDate "2005.09.10"]
[EventType "swiss (rapid)"]
[EventRounds "5"]
[EventCountry "CAN"]

1. e4 e6 2. d4 d5 3. Nd2 Nc6 4. c3 e5 5. dxe5 dxe4 6. Bb5 e3 7. Bxc6+ bxc6 8. fxe3 Qg5 9. Qf3 Bb7 10. Ne2 Qxe5 11. O-O Nf6 12. Nd4 Bd6 13. g3 O-O 14. Nc4 Qd5 15. Qxd5 cxd5 16. Nxd6 cxd6 17. Nf5 Ne4 18. Rd1 Rfe8 19. Rd4 Re5 20. Nh4 a5 21. Ng2 g5 22. Rd3 Ba6 23. Rd4 Rb8 24. Ne1 Rf5 25. Nd3 Nc5 26. g4 Rf6 27. Nxc5 dxc5 28. Rxd5 Rf1+ 29. Kg2 h6 30. b3 Re1 31. Rxc5 Rd8 32. Bb2 Re2+ 33. Kf3 Rdd2 34. Re5 Bb7+ 35. e4 Rxb2 36. Rd1 Rxh2 37. Rd8+ Kg7 38. Kg3 Rbg2+ 39. Kf3 Rxa2 40. Kg3 Rag2+ 41. Kf3 Rc2 42. Kg3 Rhd2 43. Rxd2 Rxd2 44. Rxa5 Rd3+ 45. Kf2 Rxc3 46. e5 Rxb3 47. Rc5 Rf3+ 48. Ke2 Rf4 49. Rc7 Bd5 50. Rd7 Be6 0-1